Follow That Line: Star Trek TOS Season 2 Quiz Stats

 Plays Quiz not verified by Sporcle

Challenge
Share
Tweet
Embed
Score 0/26 Timer 07:00
0 Plays Today
% Correct
I meant to say that it should be hauled away as garbage.
98.3%
On the contrary, sir. I think of this project as very important. It is you I take lightly.
96.6%
You mean cement overshoes?
96.6%
I have never computed them, Captain.
96.6%
Logic, logic! I'm sick to death of logic. Do you want to know how I feel about your logic?
95.7%
That, Miss Lincoln, is simply my cat.
95.7%
It's that green blood of his.
94.9%
Oh, yes. You humans have that emotional need to express gratitude. You're welcome, I believe, is the correct response.
94.9%
Daniel, as I recall, had only his faith. But I welcome your company, Doctor. Mister Scott, you'll be in command.
94%
And it will carry out its prime directive. Sterilize.
92.3%
Not coming from a human being. You are, after all, essentially irrational.
92.3%
Very difficult. Note the sinister eyes and the malformed ears. Definitely an inferior race.
92.3%
I shall do neither. I have killed my captain and my friend.
91.5%
% Correct
Obviously tribbles are very perceptive creatures, Captain.
89.7%
Scotty, you've just earned your pay for the week.
88%
I'm not a magician, Spock, just an old country doctor.
88%
That's what the starship is all about. That's why we're aboard her.
87.2%
No, a right cross.
83.8%
Captain, we don't have enough time to do it. We only have a fifty three second escape margin.
83.8%
Well, it's, er....It's green.
82.9%
Shut up.
76.1%
Forgive me, my old friends. Take me. Take me.
70.1%
Gentlemen, I suggest you beam me aboard.
70.1%
Yes, Mister Spock. You'd be a natural.
70.1%
I point out that Jack the Ripper slew at will in the heart of the most populous city of old Earth and was never identified.
69.2%
Is that what you humans call compassion? It is interesting, but it has no value here.
68.4%

You're not logged in!

Compare scores with friends on all Sporcle quizzes.
Join for Free
OR
Log In

You Might Also Like...

Show Comments

Extras

Top Quizzes Today


Score Distribution

Your Account Isn't Verified!

In order to create a playlist on Sporcle, you need to verify the email address you used during registration. Go to your Sporcle Settings to finish the process.

Report this User

Report this user for behavior that violates our Community Guidelines.

Details: